| Virtuální polytechnická knihovna - Souborný katalog - Úplný záznam dokumentu - MARC |
Uživatel: --- |
-----nas 22-----zu 4500
001 SKVPK0031850
003 CZ-VPK
005 20260422112553.0
008 260422d18791879||||| | ||| || |||||||
040 $aABA013$bcze
222 0$aOmbrometrische Beobachtungen des vom böhmischen Forstvereine in den Fors
ten Böhmens in verschiedenen Seehöhen und Expositionen errichtteten Netzes
von 730 Stationen
245 00$aOmbrometrische Beobachtungen des vom böhmischen Forstvereine in den Fors
ten Böhmens in verschiedenen Seehöhen und Expositionen errichtteten Netzes
von 730 Stationen
260 $aČeská Republika :$bPrag : Böhmische Forstverein,$c1879
650 07$aspotřební průmysl$xsp$2psh
910 $aABA013$r1879
| čtvrtek 30.04.2026 21:29:03 |
© 2001-2015 Národní technická knihovna |
[Virtuální polytechnická knihovna]
[Servisní centrum]
[Souborný katalog]